Australian economic papers

Uložené v:
Podrobná bibliografia
Médium: Seriál
Jazyk:English
Vydavateľské údaje: Adelaide University of Adelaide 1983
Tagy: Pridať tag
Žiadne tagy, Buďte prvý, kto otaguje tento záznam!

MARC

LEADER 00000nas2a2200000 4500
001 s121887
005 20250730114208.6
041 0 |a eng 
044 |a AU 
245 1 0 |a Australian economic papers 
264 1 |a Adelaide  |b University of Adelaide  |c 1983 
300 |a 1 zv. 
773 0 |w eu_un_cat*s120418